|
|
|
|
| LEADER |
01995nam a2200433 i 4500 |
| 001 |
EBC4866618 |
| 003 |
MiAaPQ |
| 005 |
20200923020339.0 |
| 006 |
m o d | |
| 007 |
cr cnu|||||||| |
| 008 |
170626t20172017gw o 001 0 ger d |
| 020 |
|
|
|z 9783110501629
|
| 020 |
|
|
|a 9783110503258
|q (electronic bk.)
|
| 020 |
|
|
|a 9783110498738
|q (electronic bk.)
|
| 035 |
|
|
|a (MiAaPQ)EBC4866618
|
| 035 |
|
|
|a (Au-PeEL)EBL4866618
|
| 035 |
|
|
|a (CaPaEBR)ebr11390716
|
| 035 |
|
|
|a (OCoLC)988754191
|
| 040 |
|
|
|a MiAaPQ
|b eng
|e rda
|e pn
|c MiAaPQ
|d MiAaPQ
|
| 050 |
|
4 |
|a BR325
|b .A253 2017
|
| 082 |
0 |
|
|a 284.1092
|2 23
|
| 245 |
0 |
0 |
|a Ablasskampagnen des Spatmittelalters :
|b Luthers Thesen von 1517 im Kontext /
|c herausgegeben von Andreas Rehberg.
|
| 264 |
|
1 |
|a Berlin, [Germany] ;
|a Boston, [Massachusetts] :
|b De Gruyter,
|c 2017.
|
| 264 |
|
4 |
|c 2017
|
| 300 |
|
|
|a 1 online resource (730 pages).
|
| 336 |
|
|
|a text
|2 rdacontent
|
| 337 |
|
|
|a computer
|2 rdamedia
|
| 338 |
|
|
|a online resource
|2 rdacarrier
|
| 490 |
1 |
|
|a Bibliothek des Deutschen Historischen Instituts in Rom,
|x 0070-4156 ;
|v Band 132
|
| 500 |
|
|
|a Includes index.
|
| 588 |
|
|
|a Description based on online resource; title from PDF title page (ebrary, viewed June 26, 2017).
|
| 590 |
|
|
|a Electronic reproduction. Ann Arbor, MI : ProQuest, 2016. Available via World Wide Web. Access may be limited to ProQuest affiliated libraries.
|
| 600 |
1 |
0 |
|a Luther, Martin,
|d 1483-1546.
|
| 655 |
|
4 |
|a Electronic books.
|
| 700 |
1 |
|
|a Rehberg, Andreas,
|e editor.
|
| 776 |
0 |
8 |
|i Print version:
|t Ablasskampagnen des Spatmittelalters : Luthers Thesen von 1517 im Kontext.
|d Berlin, [Germany] ; Boston, [Massachusetts] : De Gruyter , c2017
|h 712 pages
|k Bibliothek des Deutschen Historischen Instituts in Rom ; Band 132.
|z 9783110501629
|
| 797 |
2 |
|
|a ProQuest (Firm)
|
| 830 |
|
0 |
|a Bibliothek des Deutschen Historischen Instituts in Rom ;
|v Band 132.
|
| 856 |
4 |
0 |
|u https://ebookcentral.proquest.com/lib/matrademy/detail.action?docID=4866618
|z Click to View
|